[Event "Open"]
[Site "Mosca RUS"]
[Date "2007.01.30"]
[Round "4"]
[White "Ionov, S."]
[Black "Bocharov, D."]
[Result "0-1"]
[WhiteElo "2522"]
[BlackElo "2602"]
[PlyCount "111"]
[EventDate "2007.01.27"]
[Source "www.chesslib.no"]
[SourceDate "2004.05.04"]

1. d4 Nf6 2. c4 e6 3. Nc3 Bb4 4. e3 b6 5. Bd3 Bb7 6. Nf3 Ne4 7. O-O f5 8. Ne2 O-O 9. b3 Rf6 10. Ng3 Bd6 11. Bb2 Rh6 12. d5 Nxg3 13. fxg3 Na6 14. e4 fxe4 15. Bxe4 Nc5 16. Bc2 exd5 17. Bc1 Rf6 18. cxd5 a5 19. Bg5 Be7 20. Bxf6 Bxf6 21. Nh4 Qe8 22. Rxf6 gxf6 23. Nf5 Kh8 24. Qg4 Qg8 25. Qd4 Rf8 26. Rd1 d6 27. h4 Qf7 28. a3 Bc8 29. b4 axb4 30. axb4 Nd7 31. Rf1 Ne5 32. Ne3 Qg7 33. Qf4 Ba6 34. Ra1 Bd3 35. Bxd3 Nxd3 36. Qd4 f5 37. Nxf5 Qxd4+ 38. Nxd4 Nxb4 39. Ne6 Rc8 40. Rd1 Na6 41. Rf1 Kg8 42. Rf5 Nc5 43. Rg5+ Kh8 44. Nd4 Ne4 45. Rf5 Nc3 46. Kf2 Re8 47. Kf3 b5 48. Rf7 Rc8 49. Rf5 b4 50. Ke3 Rb8 51. Kd3 b3 52. Nxb3 Rxb3 53. Kc4 Ra3 54. Kb4 Nb1 55. Rf7 Ra7 56. g4 0-1

[Event "TCh-POL Ekstraliga"]
[Site "?"]
[Date "2005.09.07"]
[Round "5"]
[White "Dydyshko Viacheslav"]
[Black "Fedorchuk Sergey A"]
[Result "0-1"]
[WhiteElo "2551"]
[BlackElo "2571"]
[PlyCount "60"]
[EventDate "2005.??.??"]
[Source "www.chesslib.no"]
[SourceDate "2004.05.04"]

1. d4 Nf6 2. c4 e6 3. Nc3 Bb4 4. e3 b6 5. Bd3 Bb7 6. Nf3 c5 7. O-O cxd4 8. exd4 O-O 9. Bg5 Bxc3 10. bxc3 h6 11. Bh4 d6 12. a4 Nbd7 13. a5 Qc7 14. Nd2 Rac8 15. Ra3 Qc6 16. f3 Rfe8 17. Qb3 Qc7 18. Rb1 Nh5 19. axb6 axb6 20. Ra7 Ra8 21. Rba1 Rxa7 22. Rxa7 Ra8 23. Rxa8+ Bxa8 24. Qa3 Bc6 25. Bf1 g5 26. Bf2 Nf4 27. Ne4 Bxe4 28. fxe4 e5 29. Qb4 Kg7 30. g3 Ne6 0-1

[Event "St Petersburg op"]
[Site "St Petersburg"]
[Date "1995.??.??"]
[Round "9"]
[White "Graf, Alexander"]
[Black "Yemelin, Vasily"]
[Result "0-1"]
[WhiteElo "2605"]
[BlackElo "2515"]
[PlyCount "88"]
[EventDate "1995.05.??"]
[Source "ChessBase"]

1. d4 Nf6 2. c4 e6 3. Nc3 Bb4 4. e3 b6 5. Bd3 Bb7 6. Nf3 O-O 7. O-O c5 8. Bd2 cxd4 9. exd4 d5 10. cxd5 Bxc3 11. bxc3 Qxd5 12. c4 Qd6 13. Bc3 Nbd7 14. Re1 Rfd8 15. h3 Rac8 16. Bb2 Nf8 17. Re3 Ng6 18. Qb3 Nd7 19. Rae1 Qc7 20. Ng5 Nf6 21. Qa3 Qc6 22. Bf1 Qc7 23. Bc3 h6 24. Nf3 Bxf3 25. Rxf3 Nh4 26. Rd3 Qxc4 27. d5 Nxd5 28. Bxg7 Qc5 29. Qb2 Nf5 30. Bxh6 Qb4 31. Rg3+ Kh7 32. Qe5 Kxh6 33. Re4 Qe7 34. Reg4 Qf6 35. Qe4 Nxg3 36. Rxg3 Qf4 37. Qb1 Rc1 38. Qd3 Qf5 39. Qd2+ Qf4 40. Qd3 Rdc8 41. Rg4 Rxf1+ 42. Kxf1 Qc1+ 43. Ke2 Qc2+ 44. Qxc2 Rxc2+ 0-1

[Event "Koge op"]
[Site "Koge"]
[Date "1997.??.??"]
[Round "4"]
[White "Volzhin, Alexander"]
[Black "Timman, Jan H"]
[Result "1/2-1/2"]
[WhiteElo "2495"]
[BlackElo "2625"]
[PlyCount "68"]
[EventDate "1997.??.??"]
[Source "www.chesslib.no"]
[SourceDate "2004.05.04"]

1. d4 Nf6 2. c4 e6 3. Nc3 Bb4 4. e3 b6 5. f3 O-O 6. e4 Ba6 7. Bd3 c5 8. d5 Bxc3+ 9. bxc3 d6 10. Nh3 Nbd7 11. Bf4 Ne5 12. Bxe5 dxe5 13. dxe6 fxe6 14. O-O Qc7 15. Qa4 Rad8 16. Rad1 Bb7 17. Be2 Bc6 18. Qc2 h6 19. Nf2 Qc8 20. Rxd8 Rxd8 21. Rd1 Rd7 22. Rxd7 Qxd7 23. Qd3 Kf7 24. Qxd7+ Nxd7 25. Nd3 Ke7 26. Kf2 Kd6 27. Ke3 a6 28. Nb2 b5 29. a3 Kc7 30. Bd1 Nb6 31. Bb3 Kd6 32. Ba2 bxc4 33. Nxc4+ Nxc4+ 34. Bxc4 a5 1/2-1/2

[Event "Makarska"]
[Site "Makarska"]
[Date "1997.10.07"]
[Round "5"]
[White "Gabriel, Christian"]
[Black "Degraeve, Jean Marc"]
[Result "1/2-1/2"]
[WhiteElo "2575"]
[BlackElo "2540"]
[PlyCount "113"]
[EventDate "1997.10.??"]
[Source "www.chesslib.no"]
[SourceDate "2004.05.04"]

1. d4 Nf6 2. c4 e6 3. Nc3 Bb4 4. e3 O-O 5. Bd3 c5 6. Nf3 b6 7. O-O Bb7 8. a3 Bxc3 9. bxc3 d6 10. Nd2 e5 11. d5 Re8 12. e4 Nbd7 13. a4 a5 14. f3 Nf8 15. Rf2 Bc8 16. Nf1 Ng6 17. g3 Bh3 18. Ne3 Nf8 19. Rb1 Ra7 20. Bf1 Bxf1 21. Qxf1 g6 22. Rfb2 N8d7 23. h4 Nh5 24. g4 Nf4 25. Rh2 h6 26. Bd2 Kg7 27. Be1 Qf6 28. Bg3 Rb7 29. Kf2 Rbb8 30. Ke1 Rh8 31. Kd1 Rbe8 32. Kc2 Rb8 33. Qd1 Rbd8 34. Qd2 Rb8 35. Rg1 Rbe8 36. Bf2 Rb8 37. Nf1 Rbg8 38. Be3 Kf8 39. g5 hxg5 40. hxg5 Rxh2 41. Qxh2 Qg7 42. Bxf4 Rh8 43. Qg3 exf4 44. Qxf4 Qe5 45. Qxe5 Nxe5 46. f4 Nxc4 47. Kb3 b5 48. axb5 Nb6 49. Rg3 Ke7 50. Rf3 Rh1 51. c4 Rg1 52. Kc3 Rg2 53. Ne3 Ra2 54. Rf1 Ra3+ 55. Kd2 Ra2+ 56. Kd3 Ra3+ 57. Kd2 1/2-1/2

[Event "Krynica (zt) 73/617"]
[Site "?"]
[Date "1998.??.??"]
[Round "?"]
[White "Chatalbashev, Boris"]
[Black "Nisipeanu, Liviu Dieter"]
[Result "0-1"]
[WhiteElo "2535"]
[BlackElo "2575"]
[PlyCount "90"]
[EventDate "1998.??.??"]
[Source "ChessBase"]
[SourceDate "1998.06.01"]

1. d4 Nf6 2. c4 e6 3. Nf3 b6 4. e3 Bb7 5. Nc3 Bb4 6. Bd3 c5 7. O-O O-O 8. Na4 cxd4 9. a3 Be7 10. exd4 Bxf3 11. Qxf3 Nc6 12. d5 Ne5 13. Qe2 Qc7 14. Bf4 Bd6 15. Nc3 Nf3+ 16. Qxf3 Bxf4 17. Qh3 Rad8 18. Rfe1 Be5 19. Ne4 h6 20. Nxf6+ Bxf6 21. Re2 Qd6 22. Rae1 Bd4 23. Kh1 e5 24. a4 a5 25. b3 Qf6 26. Bc2 Qf4 27. Qf5 Qxf5 28. Bxf5 g6 29. Bc2 f5 30. f3 h5 31. g3 h4 32. Kg2 Kg7 33. Rf1 Rh8 34. Rd1 d6 35. Ree1 Bc5 36. Bd3 Rh5 37. g4 h3+ 38. Kh1 fxg4 39. fxg4 Rhh8 40. Rf1 Rdf8 41. g5 Rxf1+ 42. Rxf1 Rh4 43. Rf6 e4 44. Be2 e3 45. Kg1 Rg4+ 0-1

[Event "Luzern ol (Men)"]
[Site "Lucerne SUI"]
[Date "1982.??.??"]
[Round "10"]
[White "Gligoric, Svetozar"]
[Black "Seirawan, Yasser"]
[Result "1-0"]
[WhiteElo "2535"]
[BlackElo "2575"]
[PlyCount "81"]
[EventDate "1982.10.??"]
[Source "www.chesslib.no"]
[SourceDate "2004.05.04"]

1. d4 Nf6 2. c4 e6 3. Nf3 b6 4. Nc3 Bb4 5. e3 Bb7 6. Bd3 c5 7. O-O O-O 8. Na4 cxd4 9. a3 Be7 10. exd4 d6 11. Re1 Nbd7 12. Nc3 Re8 13. d5 exd5 14. cxd5 a6 15. a4 Qc7 16. Bg5 h6 17. Bh4 Qc5 18. Bf5 Bf8 19. Qd3 Qb4 20. Qd2 g6 21. Bxf6 Rxe1+ 22. Rxe1 Nxf6 23. Bd3 Nxd5 24. Be4 Nxc3 25. Bxb7 Ra7 26. bxc3 Qxa4 27. Bd5 Qa5 28. Qd3 Kh7 29. h4 Bg7 30. c4 Qc3 31. Qb1 Qb2 32. Qe4 Bf6 33. Rb1 Qc3 34. h5 Re7 35. hxg6+ fxg6 36. Qf4 b5 37. Qxd6 bxc4 38. Qb8 h5 39. Qg8+ Kh6 40. Qf8+ Rg7 41. Bxc4 1-0

[Event "Calviá ol (Men)"]
[Site "Mallorca"]
[Date "2004.10.26"]
[Round "11.7"]
[White "Chatalbashev, Boris"]
[Black "Markus, Robert"]
[Result "0-1"]
[WhiteElo "2554"]
[BlackElo "2555"]
[PlyCount "108"]
[EventDate "2004.10.15"]
[Source "Roberto Alvarez"]
[SourceDate "2004.10.25"]

1. d4 Nf6 2. c4 e6 3. Nf3 b6 4. e3 Bb7 5. Nc3 Bb4 6. Bd3 O-O 7. O-O c5 8. Na4 cxd4 9. exd4 Re8 10. a3 Bf8 11. b4 d6 12. Bb2 Nbd7 13. Re1 g6 14. Nc3 a6 15. Bf1 Bg7 16. Rc1 Rc8 17. Nd2 h5 18. Nb3 Ng4 19. h3 Nh6 20. Rc2 Nf5 21. d5 Ne5 22. dxe6 Rxe6 23. Ne4 Nxc4 24. Bxg7 Kxg7 25. Rxc4 Rxc4 26. Bxc4 Rxe4 27. Rxe4 Bxe4 28. Nd4 b5 29. Bd5 Bxd5 30. Nxf5+ gxf5 31. Qxd5 Qf6 32. g3 Qa1+ 33. Kh2 Qe5 34. Qd2 Kg6 35. h4 f6 36. Qc2 Qd4 37. Qc8 Qxf2+ 38. Kh3 Qf1+ 39. Kh2 Qc4 40. Qxa6 f4 41. gxf4 Kf5 42. Qb6 d5 43. Kg2 d4 44. Kf2 Qc2+ 45. Ke1 d3 46. Qe3 Qc3+ 47. Kd1 Qxa3 48. Qc5+ Ke4 49. Qc6+ Ke3 50. Qe6+ Kf3 51. Qd5+ Kg3 52. Qd4 Qb3+ 53. Ke1 Qb1+ 54. Kd2 Qc2+ 0-1

[Event "Ohrid 82/465"]
[Site "?"]
[Date "2001.??.??"]
[Round "?"]
[White "Milov, V."]
[Black "Zelcic, R."]
[Result "1-0"]
[WhiteElo "2605"]
[BlackElo "2503"]
[PlyCount "81"]
[EventDate "2001.??.??"]
[Source "Chess Informant"]
[SourceDate "2001.06.01"]

1. d4 Nf6 2. c4 e6 3. Nc3 Bb4 4. e3 b6 5. f3 c5 6. d5 O-O 7. e4 d6 8. Nge2 b5 9. Nf4 e5 10. Nfe2 bxc4 11. Ng3 Ne8 12. Bxc4 f5 13. exf5 Qh4 14. Qe2 Bxc3+ 15. bxc3 Bxf5 16. O-O Bg6 17. Bd3 Bxd3 18. Qxd3 Nd7 19. Ne4 h6 20. Rb1 Ndf6 21. Ng3 Nh5 22. Nf5 Qf6 23. g4 Rf7 24. f4 Nxf4 25. Bxf4 exf4 26. Rxf4 Nc7 27. Re1 Qg5 28. Qf3 Kh7 29. h4 Qg6 30. Ne7 Rxf4 31. Qxf4 Qd3 32. c4 Qd4+ 33. Qxd4 cxd4 34. Nf5 d3 35. Rd1 Ne8 36. Rxd3 Rc8 37. Re3 Rb8 38. Re6 Nf6 39. g5 Nh5 40. g6+ Kg8 41. Rxd6 1-0

[Event "Czech Open GMA"]
[Site "Pardubice CEC"]
[Date "2007.07.27"]
[Round "8"]
[White "Korobov, A."]
[Black "Babula, V."]
[Result "1/2-1/2"]
[WhiteElo "2530"]
[BlackElo "2577"]
[PlyCount "53"]
[EventDate "2007.07.20"]
[Source "www.chesslib.no"]
[SourceDate "2004.05.04"]

1. d4 Nf6 2. c4 e6 3. Nc3 Bb4 4. e3 O-O 5. Bd3 c5 6. Nf3 b6 7. O-O Bb7 8. Na4 Qe7 9. a3 Ba5 10. Rb1 Rc8 11. b4 cxb4 12. c5 Nc6 13. e4 h6 14. Bb2 bxa3 15. Bxa3 Rab8 16. Rb3 Qd8 17. Qb1 b5 18. Rxb5 Ba6 19. Rxb8 Rxb8 20. Qd1 Qc8 21. Ne5 Bxd3 22. Qxd3 Qb7 23. f3 Qb3 24. Qxb3 Rxb3 25. Nxc6 Rxa3 26. Nxa5 Rxa4 27. c6 1/2-1/2

[Event "RUS-chT"]
[Site "Tomsk"]
[Date "2001.05.17"]
[Round "5"]
[White "Arkhipov, Sergey"]
[Black "Kotsur, Pavel"]
[Result "1/2-1/2"]
[WhiteElo "2531"]
[BlackElo "2576"]
[PlyCount "65"]
[EventDate "2001.05.13"]
[Source "ChessBase"]
[SourceDate "2001.07.03"]

1. d4 Nf6 2. c4 e6 3. Nc3 Bb4 4. e3 b6 5. Bd3 Bb7 6. Nf3 Ne4 7. O-O f5 8. Ne5 O-O 9. Nxe4 fxe4 10. Be2 Be7 11. f4 exf3 12. Bxf3 Bxf3 13. Nxf3 Bf6 14. e4 d6 15. Be3 Nd7 16. Qa4 c5 17. dxc5 Nxc5 18. Qc2 Qc7 19. Bd4 Nd7 20. Qd3 Ne5 21. Nxe5 Bxe5 22. Bxe5 dxe5 23. b3 Qc5+ 24. Kh1 Rad8 25. Qe2 Rf4 26. g3 Rxf1+ 27. Rxf1 Qc6 28. Qf3 h6 29. Rf2 Rd4 30. Re2 Kh7 31. h4 a5 32. h5 Qe8 33. Kh2 1/2-1/2

[Event "Lvov zt"]
[Site "Lvov"]
[Date "1978.??.??"]
[Round "13"]
[White "Gulko, Boris F"]
[Black "Kuzmin, Gennadi P"]
[Result "1/2-1/2"]
[WhiteElo "2570"]
[BlackElo "2535"]
[PlyCount "112"]
[EventDate "1978.04.??"]
[Source "ChessBase"]

1. d4 Nf6 2. c4 e6 3. Nc3 Bb4 4. e3 b6 5. Bd3 Bb7 6. Nf3 Ne4 7. O-O Bxc3 8. bxc3 f5 9. Ne1 O-O 10. f3 Nf6 11. Nc2 Qe8 12. c5 Qh5 13. cxb6 axb6 14. c4 Nc6 15. Bb2 Na5 16. Na3 Ne8 17. Rf2 Qg5 18. Qe1 Ba6 19. Bc3 Nd6 20. Bxa5 bxa5 21. Nb5 Rfc8 22. a4 Ne8 23. d5 exd5 24. cxd5 Bxb5 25. Bxb5 Nf6 26. Rc1 Kh8 27. Rd2 h6 28. Rd3 Qg6 29. Rc5 Qf7 30. Bc4 d6 31. Rxa5 Nd7 32. Rxa8 Rxa8 33. Bb5 Nc5 34. Rd4 Qf6 35. Rc4 Qe5 36. Qd2 Qa1+ 37. Rc1 Qa3 38. Qc3 Qa2 39. Rd1 Nxa4 40. Qxc7 Qb3 41. Bxa4 Qxa4 42. Rb1 f4 43. exf4 Qd4+ 44. Kh1 Qxd5 45. h3 Qd4 46. Qf7 Ra1 47. Rxa1 Qxa1+ 48. Kh2 Qd1 49. f5 Qd2 50. h4 d5 51. Kh3 d4 52. f6 gxf6 53. Qf8+ Kh7 54. Qf7+ Kh8 55. Qxf6+ Kg8 56. f4 Qe3+ 1/2-1/2

[Event "Sparkasse op"]
[Site "Dortmund"]
[Date "1998.??.??"]
[Round "?"]
[White "Pinter, Jozsef"]
[Black "Leitao, Rafael"]
[Result "1/2-1/2"]
[WhiteElo "2590"]
[BlackElo "2515"]
[PlyCount "152"]
[EventDate "1998.06.??"]
[Source "www.chesslib.no"]
[SourceDate "2004.05.04"]

1. d4 Nf6 2. c4 e6 3. Nc3 Bb4 4. Nf3 c5 5. e3 b6 6. Bd3 Bb7 7. O-O O-O 8. Na4 cxd4 9. a3 Be7 10. exd4 d6 11. Re1 Nbd7 12. Nc3 d5 13. Bg5 dxc4 14. Bxc4 Rc8 15. Bb3 Re8 16. Rc1 a6 17. Qe2 Nf8 18. Red1 b5 19. Ne5 Nd5 20. Nxd5 Bxd5 21. Rxc8 Qxc8 22. Bxd5 exd5 23. Qf3 Qe6 24. Re1 Rd8 25. Bd2 Qf6 26. Ba5 Qxf3 27. Nxf3 Rd7 28. Rc1 f6 29. Rc6 Rd6 30. Rc8 Re6 31. Kf1 Kf7 32. Rc7 Ke8 33. Ne1 Rd6 34. Bb4 Rd7 35. Rc6 Bxb4 36. axb4 Ra7 37. Nd3 Kd7 38. Rc3 Ne6 39. Nc5+ Nxc5 40. Rxc5 Kd6 41. f3 Ra8 42. Kf2 Re8 43. h4 h5 44. Rc1 Kd7 45. Rc3 Ra8 46. Ke3 Re8+ 47. Kd2 Ra8 48. Kd3 Re8 49. Rc1 Rb8 50. Rg1 Re8 51. Ra1 Re6 52. Rc1 Re8 53. g3 Rb8 54. Ra1 Rb6 55. Rg1 Re6 56. g4 hxg4 57. Rxg4 Re7 58. Rg1 Ke6 59. Re1+ Kf7 60. Ra1 Re6 61. Rc1 f5 62. Rc7+ Kg6 63. Rd7 f4 64. Rxd5 Re3+ 65. Kd2 Rxf3 66. Rg5+ Kf6 67. d5 Rb3 68. d6 Ke6 69. Rg6+ Kd7 70. Rxg7+ Kxd6 71. h5 Rxb2+ 72. Kc3 Rh2 73. Kd4 Rxh5 74. Rg6+ Kd7 75. Rxa6 f3 76. Rf6 Kc7 1/2-1/2